[Event "Madrid-ch Previa B"]
[Site "Madrid ESP"]
[Date "2014.02.06"]
[Round "1.1"]
[White "Lopez Ziegler, Carlos"]
[Black "Soto Martin, Miguel"]
[Result "1-0"]
[WhiteElo "1944"]
[BlackElo "1645"]
[PlyCount "39"]
[EventDate "2014.02.06"]
[EventType "swiss"]
[EventRounds "9"]
[EventCountry "ESP"]
[Source "lmi"]
[SourceDate "2014.02.06"]

1. e4 e5 2. Nf3 Nc6 3. d4 exd4 4. Bc4 Bc5 5. c3 Nf6 6. cxd4 Bb4+ 7. Bd2 Nxe4 8.
Bxb4 Nxb4 9. Bxf7+ Kxf7 10. Qb3+ d5 11. Qxb4 Re8 12. O-O Kg8 13. Nc3 c6 14.
Nxe4 Rxe4 15. Rfe1 Rg4 16. Re7 Qf8 17. Rae1 Re4 18. R1xe4 dxe4 19. Ng5 b6 20.
Qb3+ 1-0

[Event "Madrid-ch Previa B"]
[Site "Madrid ESP"]
[Date "2014.02.06"]
[Round "1.2"]
[White "Rottenwoerer, Christoph"]
[Black "Tirado Parra, Alberto"]
[Result "0-1"]
[WhiteElo "1643"]
[BlackElo "1939"]
[PlyCount "88"]
[EventDate "2014.02.06"]
[EventType "swiss"]
[EventRounds "9"]
[EventCountry "ESP"]
[Source "lmi"]
[SourceDate "2014.02.06"]

1. Nf3 d5 2. c4 e6 3. g3 Nf6 4. Bg2 c5 5. O-O Be7 6. cxd5 exd5 7. d4 c4 8. Nc3
O-O 9. Bg5 Nc6 10. Re1 Be6 11. e4 Nxe4 12. Bxe7 Nxc3 13. bxc3 Qxe7 14. Ne5 Nxe5
15. Rxe5 Qd7 16. Qc2 f6 17. Re3 Rfe8 18. Rae1 Bf7 19. f4 Rxe3 20. Rxe3 Re8 21.
Rxe8+ Qxe8 22. Kf2 b5 23. Qb2 Be6 24. Qb4 Qd7 25. Qc5 Kf7 26. f5 Bxf5 27. Qxd5+
Qxd5 28. Bxd5+ Ke7 29. Bc6 Bd7 30. Bd5 Be8 31. a3 Kd6 32. Be4 Bg6 33. Ke3 Bxe4
34. Kxe4 a5 35. Ke3 Kd5 36. h3 f5 37. h4 g6 38. Kf4 b4 39. cxb4 axb4 40. axb4
Kxd4 41. b5 c3 42. b6 c2 43. b7 c1=Q+ 44. Kf3 Qc6+ 0-1

[Event "Madrid-ch Previa B"]
[Site "Madrid ESP"]
[Date "2014.02.06"]
[Round "1.3"]
[White "Ruiz Sanchez, Roberto"]
[Black "Barragan Panal, Juan Jose"]
[Result "1-0"]
[WhiteElo "1935"]
[BlackElo "1630"]
[PlyCount "63"]
[EventDate "2014.02.06"]
[EventType "swiss"]
[EventRounds "9"]
[EventCountry "ESP"]
[Source "lmi"]
[SourceDate "2014.02.06"]

1. e4 c6 2. d4 d5 3. Nc3 dxe4 4. Nxe4 Nd7 5. Ng5 Ngf6 6. Bd3 Nb6 7. N1f3 Bg4 8.
h3 Bxf3 9. Nxf3 e6 10. O-O Qc7 11. c4 Be7 12. Qe2 O-O 13. b3 c5 14. Bb2 cxd4
15. Bxd4 Nbd7 16. Rad1 Bc5 17. Bc3 Rfe8 18. Ne5 Bd6 19. f4 Nxe5 20. fxe5 Bc5+
21. Kh1 Nd7 22. Bxh7+ Kxh7 23. Qh5+ Kg8 24. Qxf7+ Kh8 25. Rxd7 Qxd7 26. Qxd7
Rad8 27. Qxb7 Rd3 28. Qc6 Rf8 29. Rxf8+ Bxf8 30. Qe8 Rxc3 31. Qxf8+ Kh7 32. Qd6
1-0

[Event "Madrid-ch Previa B"]
[Site "Madrid ESP"]
[Date "2014.02.06"]
[Round "1.4"]
[White "Morona Minguez, Miguel"]
[Black "Marcos Herrero, Francisco"]
[Result "1-0"]
[WhiteElo "1622"]
[BlackElo "1930"]
[PlyCount "59"]
[EventDate "2014.02.06"]
[EventType "swiss"]
[EventRounds "9"]
[EventCountry "ESP"]
[Source "lmi"]
[SourceDate "2014.02.06"]

1. c4 c5 2. Nf3 Nc6 3. d4 cxd4 4. Nxd4 g6 5. b3 Bg7 6. Bb2 Nf6 7. g3 O-O 8. Bg2
Qa5+ 9. Bc3 Qh5 10. O-O d5 11. cxd5 Nxd5 12. Nxc6 bxc6 13. Bxg7 Kxg7 14. e3 Bg4
15. Qd4+ Nf6 16. Nd2 Rfd8 17. Qb2 Kg8 18. f3 Bh3 19. e4 Rd3 20. Rf2 Rad8 21.
Qc2 Bxg2 22. Kxg2 Qa5 23. Nc4 Qc5 24. Rc1 Qd4 25. Qb2 c5 26. Rcc2 Nd7 27. Rfd2
Nb6 28. Rxd3 Qxd3 29. Rd2 Nxc4 30. Rxd3 1-0

[Event "Madrid-ch Previa B"]
[Site "Madrid ESP"]
[Date "2014.02.06"]
[Round "1.5"]
[White "Munoz Cebey, Ricardo"]
[Black "Castro Uceda, Jose Antonio"]
[Result "1-0"]
[WhiteElo "1878"]
[BlackElo "1620"]
[PlyCount "45"]
[EventDate "2014.02.06"]
[EventType "swiss"]
[EventRounds "9"]
[EventCountry "ESP"]
[Source "lmi"]
[SourceDate "2014.02.06"]

1. c4 c5 2. Nf3 Nc6 3. g3 e6 4. Bg2 Nf6 5. Nc3 Be7 6. O-O O-O 7. d4 cxd4 8.
Nxd4 Bc5 9. e3 Ne5 10. b3 Bb4 11. Bb2 Qa5 12. Qc2 Bxc3 13. Bxc3 Qc5 14. a3 d5
15. Bb4 Qc7 16. Bxf8 Kxf8 17. Rac1 dxc4 18. bxc4 a6 19. Qb3 Nc6 20. Nxc6 bxc6
21. Rb1 Nd7 22. Qa4 Bb7 23. Qb4+ 1-0

[Event "Madrid-ch Previa B"]
[Site "Madrid ESP"]
[Date "2014.02.06"]
[Round "1.6"]
[White "Aguilera Lopez, Alejandro"]
[Black "Lianes Garcia, Marcos"]
[Result "1/2-1/2"]
[WhiteElo "1612"]
[BlackElo "1837"]
[PlyCount "179"]
[EventDate "2014.02.06"]
[EventType "swiss"]
[EventRounds "9"]
[EventCountry "ESP"]
[Source "lmi"]
[SourceDate "2014.02.06"]

1. d4 Nf6 2. Nf3 g6 3. Bg5 Bg7 4. Nbd2 d6 5. c3 O-O 6. e4 Nbd7 7. Bc4 Qe8 8.
O-O e5 9. Re1 h6 10. Bxf6 Bxf6 11. Qc2 Bg7 12. Rad1 Qe7 13. Bb3 a5 14. Nc4 Re8
15. a4 b6 16. dxe5 Nxe5 17. Ncxe5 Bxe5 18. Bd5 Rb8 19. Nxe5 Qxe5 20. Qd2 Kg7
21. h3 Bd7 22. Bb3 Bc6 23. Bc2 Re7 24. f3 Rbe8 25. Qd4 f5 26. Qf2 Qc5 27. Qxc5
dxc5 28. Rd2 fxe4 29. fxe4 Re6 30. Rde2 Rd8 31. Rf2 Rde8 32. Rfe2 Rf8 33. Rf2
Ref6 34. Ref1 Rxf2 35. Rxf2 Rxf2 36. Kxf2 Kf6 37. Ke3 Ke5 38. b3 c4 39. bxc4
Bd7 40. Bd1 Be6 41. Be2 Bf7 42. Bd3 Be8 43. Bc2 Bc6 44. g4 Bd7 45. Bd1 Be8 46.
Bc2 Bf7 47. Bd3 Bg8 48. Be2 Be6 49. Bd3 h5 50. gxh5 gxh5 51. h4 Bd7 52. Bc2 Bg4
53. Bb3 Be6 54. Bd1 Bf7 55. Be2 Bg6 56. Bd3 Be8 57. Bc2 Bc6 58. Kf3 Bd7 59. Ke3
Bg4 60. Bb3 c6 61. Bc2 Bd7 62. Bd3 Be6 63. Be2 Bf7 64. Bd3 Be8 65. Be2 Bg6 66.
Bd3 Be8 67. Be2 c5 68. Bd1 Bg6 69. Bc2 Bf7 70. Bd3 Be8 71. Bc2 Bc6 72. Kf3 Bd7
73. Ke3 Bg4 74. Bb3 Be6 75. Kf3 Bh3 76. Ke3 Be6 77. Kf3 Bd7 78. Ke3 Bc6 79. Bc2
Be8 80. Bd1 Bg6 81. Bc2 Bh7 82. Bd3 Bg8 83. Be2 Bf7 84. Bd3 Be8 85. Bc2 Bc6 86.
Kf3 Bd7 87. Ke3 Be6 88. Bd3 Bg4 89. Bc2 Be6 90. Bb3 1/2-1/2

[Event "Madrid-ch Previa B"]
[Site "Madrid ESP"]
[Date "2014.02.06"]
[Round "1.7"]
[White "Garcia Serrano, Jose M. Ii"]
[Black "Melcon Diez, Enrique"]
[Result "1/2-1/2"]
[WhiteElo "1835"]
[BlackElo "1606"]
[PlyCount "67"]
[EventDate "2014.02.06"]
[EventType "swiss"]
[EventRounds "9"]
[EventCountry "ESP"]
[Source "lmi"]
[SourceDate "2014.02.06"]

1. e4 c5 2. d4 cxd4 3. c3 dxc3 4. Nxc3 g6 5. Nf3 Bg7 6. Bc4 Nc6 7. e5 Nxe5 8.
Nxe5 Bxe5 9. Bxf7+ Kxf7 10. Qd5+ Kg7 11. Qxe5+ Nf6 12. O-O d6 13. Qe2 Bf5 14.
Bg5 h6 15. Bxf6+ exf6 16. Rae1 Re8 17. Qb5 Qd7 18. Rd1 Rad8 19. Qxd7+ Rxd7 20.
Nb5 Re2 21. Nxd6 Be6 22. Ne8+ Kf7 23. Rxd7+ Bxd7 24. Nd6+ Ke7 25. Nxb7 Be6 26.
b3 Rxa2 27. Re1 Kf8 28. Nc5 Bf5 29. f3 Rc2 30. Ne6+ Bxe6 31. Rxe6 Kf7 32. Ra6
Rc7 33. Kf2 Rb7 34. b4 1/2-1/2

[Event "Madrid-ch Previa B"]
[Site "Madrid ESP"]
[Date "2014.02.06"]
[Round "1.8"]
[White "Ruiz Bazaga, Miriam"]
[Black "Merino Araguas, Jose Javier"]
[Result "1/2-1/2"]
[WhiteElo "1588"]
[BlackElo "1813"]
[PlyCount "63"]
[EventDate "2014.02.06"]
[EventType "swiss"]
[EventRounds "9"]
[EventCountry "ESP"]
[Source "lmi"]
[SourceDate "2014.02.06"]

1. e4 e6 2. d4 d5 3. e5 c5 4. c3 Nc6 5. Nf3 Bd7 6. Be2 Nge7 7. O-O Ng6 8. Be3
Qb6 9. Qb3 Qxb3 10. axb3 cxd4 11. cxd4 Be7 12. Nc3 O-O 13. Rfc1 Rfc8 14. Bd2 f6
15. Bb5 fxe5 16. Bxc6 bxc6 17. Nxe5 Nxe5 18. dxe5 c5 19. b4 cxb4 20. Ne2 Rxc1+
21. Nxc1 Bb5 22. Nb3 a6 23. Nd4 Bd7 24. Ne2 Bb5 25. Nd4 Bd7 26. Nc2 Kf7 27.
Nxb4 Bb5 28. Nc2 Bc5 29. Bb4 Bb6 30. Bc3 Rc8 31. Nd4 Bc4 32. Re1 1/2-1/2

[Event "Madrid-ch Previa B"]
[Site "Madrid ESP"]
[Date "2014.02.06"]
[Round "1.9"]
[White "Soto Martin, Pablo"]
[Black "Vela Martinez, Jose"]
[Result "1-0"]
[WhiteElo "1811"]
[BlackElo "1588"]
[PlyCount "93"]
[EventDate "2014.02.06"]
[EventType "swiss"]
[EventRounds "9"]
[EventCountry "ESP"]
[Source "lmi"]
[SourceDate "2014.02.06"]

1. e4 e5 2. Nf3 Nf6 3. Nxe5 d6 4. Nf3 Nxe4 5. d4 d5 6. Bd3 Bd6 7. O-O O-O 8. c4
c6 9. cxd5 cxd5 10. Nc3 Nf6 11. Bg5 Be6 12. Qb3 b6 13. Rac1 Nbd7 14. Nb5 Be7
15. Nc7 Rc8 16. Nxe6 fxe6 17. Rfe1 Rxc1 18. Bxc1 Qc7 19. h3 Rc8 20. Ng5 Nf8 21.
Bd2 Qd6 22. a3 Qc6 23. Bb5 Qc2 24. Qxc2 Rxc2 25. Bc3 Bxa3 26. Bd3 Bxb2 27. Bxc2
Bxc3 28. Rd1 h6 29. Nf3 Nh5 30. g3 Nf6 31. Ne5 Ne8 32. Rd3 Bb2 33. Nc6 a5 34.
Rb3 Ba1 35. Rxb6 Nc7 36. Rb7 Ne8 37. Ne7+ Kh8 38. Rb8 g5 39. Rxe8 Kg7 40. Nc6
Kf7 41. Ra8 Bc3 42. Ne5+ Kg7 43. Ra7+ Kg8 44. Nc6 h5 45. Kf1 h4 46. gxh4 gxh4
47. Ke2 1-0

[Event "Madrid-ch Previa B"]
[Site "Madrid ESP"]
[Date "2014.02.06"]
[Round "1.10"]
[White "Martinez Carrasco, Jesus"]
[Black "Martinez Rubio, Felipe"]
[Result "0-1"]
[WhiteElo "1586"]
[BlackElo "1805"]
[PlyCount "66"]
[EventDate "2014.02.06"]
[EventType "swiss"]
[EventRounds "9"]
[EventCountry "ESP"]
[Source "lmi"]
[SourceDate "2014.02.06"]

1. d4 d5 2. c4 e6 3. e3 Nf6 4. Nf3 Bd6 5. Nc3 O-O 6. Bd3 c6 7. O-O Nbd7 8. Qc2
h6 9. Bd2 b6 10. e4 dxe4 11. Nxe4 Nxe4 12. Bxe4 Bb7 13. Rad1 Nf6 14. Bd3 c5 15.
Be2 Qc7 16. h3 Rad8 17. Bc3 Ne4 18. dxc5 Nxc3 19. cxd6 Nxe2+ 20. Qxe2 Rxd6 21.
Qe5 Rfd8 22. Nd4 Qxc4 23. b3 Qd5 24. Qg3 Qc5 25. Nxe6 fxe6 26. Rc1 Qd5 27. Rc7
R6d7 28. Rfc1 Rxc7 29. Rxc7 Rd7 30. Rc1 Qd2 31. Rc7 Rxc7 32. Qxc7 Qd5 33. f3
Qc5+ 0-1

[Event "Madrid-ch Previa B"]
[Site "Madrid ESP"]
[Date "2014.02.06"]
[Round "1.11"]
[White "Ballesteros Galvez, Daniel"]
[Black "Estebanez Cuesta, Alfredo"]
[Result "1-0"]
[WhiteElo "1789"]
[BlackElo "1578"]
[PlyCount "51"]
[EventDate "2014.02.06"]
[EventType "swiss"]
[EventRounds "9"]
[EventCountry "ESP"]
[Source "lmi"]
[SourceDate "2014.02.06"]

1. e4 c5 2. c3 Nc6 3. d4 e6 4. Nf3 b6 5. d5 exd5 6. exd5 Qe7+ 7. Be2 Ne5 8. O-O
d6 9. Re1 f6 10. Nxe5 fxe5 11. f4 Nf6 12. fxe5 dxe5 13. Bf3 Qd6 14. Bf4 Nd7 15.
Na3 Ba6 16. Qa4 b5 17. Nxb5 Bxb5 18. Qxb5 Be7 19. Bxe5 Rb8 20. Bxd6 Rxb5 21.
Rxe7+ Kd8 22. Rae1 Nf6 23. b3 a5 24. c4 Rb6 25. Bc7+ Kc8 26. Bxb6 1-0

[Event "Madrid-ch Previa B"]
[Site "Madrid ESP"]
[Date "2014.02.06"]
[Round "1.12"]
[White "Barria Arbunic, Manuel"]
[Black "Fernandez Rodriguez, Fernando J"]
[Result "0-1"]
[WhiteElo "1577"]
[BlackElo "1782"]
[PlyCount "115"]
[EventDate "2014.02.06"]
[EventType "swiss"]
[EventRounds "9"]
[EventCountry "ESP"]
[Source "lmi"]
[SourceDate "2014.02.06"]

1. d4 Nf6 2. c4 d6 3. Nc3 e5 4. dxe5 dxe5 5. Qxd8+ Kxd8 6. e3 c6 7. Nf3 Nfd7 8.
Bd2 f6 9. O-O-O Kc7 10. Be2 a5 11. b3 Ba3+ 12. Kc2 Nc5 13. e4 Nba6 14. Be3 Bb4
15. Nd2 Rd8 16. f3 Ne6 17. Rhe1 Nd4+ 18. Kb2 Nxe2 19. Rxe2 Bc5 20. Na4 Bxe3 21.
Rxe3 Be6 22. Kc3 b5 23. Nb2 Kb6 24. Rd3 Nb4 25. Rxd8 Nxa2+ 26. Kc2 Nb4+ 27. Kc3
Rxd8 28. Nf1 Rxd1 29. Nxd1 Kc5 30. cxb5 cxb5 31. Nf2 Nc6 32. Nd3+ Kb6 33. Nd2
b4+ 34. Kb2 Kb5 35. f4 exf4 36. Nxf4 Bf7 37. Ne2 Kc5 38. Nf3 Ne5 39. Ne1 g5 40.
Nf3 Bg6 41. Nd2 h5 42. h3 h4 43. Kc2 Bh7 44. Kb1 Nd3 45. Ka2 Nf2 46. e5 fxe5
47. Nf3 e4 48. Nxg5 Bg8 49. Nf4 Kd6 50. Ng6 Kc5 51. Ne7 Bd5 52. Nf5 a4 53. Nxh4
Bxb3+ 54. Ka1 Bd5 55. Nf5 a3 56. h4 b3 57. h5 Nd1 58. Ne3 0-1

[Event "Madrid-ch Previa B"]
[Site "Madrid ESP"]
[Date "2014.02.06"]
[Round "1.14"]
[White "Lopez Ziegler, Juan Jose"]
[Black "Enfedaque Jimenez, Juan Carlos"]
[Result "1/2-1/2"]
[WhiteElo "1512"]
[BlackElo "1745"]
[PlyCount "101"]
[EventDate "2014.02.06"]
[EventType "swiss"]
[EventRounds "9"]
[EventCountry "ESP"]
[Source "lmi"]
[SourceDate "2014.02.06"]

1. d4 e6 2. Bf4 d5 3. e3 c5 4. c3 Nf6 5. Nd2 Nc6 6. Bd3 Bd7 7. Ngf3 Nh5 8. Bg3
Nxg3 9. hxg3 h6 10. g4 Qb6 11. Qb1 Bd6 12. Ng5 e5 13. Bg6 Rf8 14. Bxf7+ Rxf7
15. Qg6 hxg5 16. Qxd6 O-O-O 17. Qxd5 Re7 18. Nc4 Qc7 19. dxc5 Bxg4 20. Nd6+ Kb8
21. Qc4 Nd4 22. cxd4 Rxd6 23. dxe5 Rd8 24. Qxg4 Qxe5 25. Qg3 Qxg3 26. fxg3
Rxe3+ 27. Kf2 Red3 28. Rhe1 Rf8+ 29. Kg1 Rd2 30. Rf1 Rxf1+ 31. Kxf1 Rxb2 32.
Re1 Rxa2 33. Re8+ Kc7 34. Re7+ Kc6 35. Rxg7 Kxc5 36. Rxb7 g4 37. Rg7 Kd4 38.
Rxg4+ Ke3 39. Kg1 a5 40. Rf4 a4 41. Rf3+ Ke4 42. Rf4+ Ke5 43. Kh2 a3 44. Rf8
Rb2 45. Ra8 a2 46. Kh3 Kf6 47. Ra5 Kg6 48. g4 Rc2 49. Kg3 Rc3+ 50. Kh4 Rc2 51.
Kg3 1/2-1/2

[Event "Madrid-ch Previa B"]
[Site "Madrid ESP"]
[Date "2014.02.06"]
[Round "1.16"]
[White "Jimenez Manzano, Emiliano"]
[Black "Lacaci Otero, Ivan"]
[Result "1-0"]
[WhiteElo "1481"]
[BlackElo "1728"]
[PlyCount "121"]
[EventDate "2014.02.06"]
[EventType "swiss"]
[EventRounds "9"]
[EventCountry "ESP"]
[Source "lmi"]
[SourceDate "2014.02.06"]

1. e4 c5 2. Nf3 d6 3. d4 cxd4 4. Nxd4 Nf6 5. Nc3 a6 6. f3 e5 7. Nb3 Be6 8. Be3
Nbd7 9. Bd3 Rc8 10. O-O b5 11. a3 Be7 12. Nd2 Nb6 13. Re1 Nh5 14. Bf1 Nf4 15.
Ne2 Bh4 16. Bf2 Bg5 17. Nxf4 Bxf4 18. Be3 Bxe3+ 19. Rxe3 O-O 20. b3 d5 21. Bd3
d4 22. Re2 Qc7 23. Nf1 f5 24. exf5 Bxf5 25. Bxf5 Rxf5 26. Ng3 Rf6 27. Ne4 Rc6
28. Rc1 Nd5 29. Qd2 Nc3 30. Rf2 Na2 31. Ra1 Rxc2 32. Qe1 Nc1 33. Rxc2 Qxc2 34.
Nd2 Qb2 35. Rb1 Qxa3 36. Qxe5 Qc5 37. Qe6+ Kh8 38. Qxa6 Nd3 39. Qa2 h6 40. Rd1
Nf4 41. Ne4 Qb6 42. b4 d3+ 43. Nc5 Re8 44. Qf7 Qg6 45. Qxf4 Re2 46. g4 Qe8 47.
Nxd3 Qd8 48. Nf2 Qh4 49. Qg3 Qe7 50. Qb8+ Kh7 51. Qxb5 Qh4 52. Qxe2 h5 53. Qe4+
Kg8 54. Qe8+ Kh7 55. Rd8 Qf6 56. Qxh5+ Qh6 57. Qxh6+ Kxh6 58. b5 Kg5 59. b6 Kh4
60. b7 g5 61. Ne4 1-0

[Event "Madrid-ch Previa B"]
[Site "Madrid ESP"]
[Date "2014.02.06"]
[Round "1.17"]
[White "Hernandez Del Can, Jose"]
[Black "Rottenwohrer Suarez, Juan"]
[Result "1/2-1/2"]
[WhiteElo "1717"]
[BlackElo "1456"]
[PlyCount "90"]
[EventDate "2014.02.06"]
[EventType "swiss"]
[EventRounds "9"]
[EventCountry "ESP"]
[Source "lmi"]
[SourceDate "2014.02.06"]

1. Nf3 Nf6 2. c4 g6 3. Nc3 Bg7 4. d4 O-O 5. g3 d6 6. Bg2 Nbd7 7. e4 e5 8. d5
Nc5 9. Qc2 a5 10. O-O Nh5 11. Be3 b6 12. Bxc5 bxc5 13. Nd2 f5 14. f3 f4 15. g4
Nf6 16. Rf2 g5 17. a3 h5 18. h3 hxg4 19. fxg4 Bxg4 20. hxg4 Nxg4 21. Nf3 Ne3
22. Qe2 g4 23. Nd1 gxf3 24. Qxf3 Qg5 25. Kh1 Rf6 26. Bh3 Kf7 27. Be6+ Ke7 28.
Nxe3 fxe3 29. Rg2 Qh6+ 30. Qh3 Rh8 31. Qxh6 Rhxh6+ 32. Kg1 Rhg6 33. Rxg6 Rxg6+
34. Kf1 Bh6 35. Re1 Bf4 36. Re2 Rh6 37. Rg2 Rh1+ 38. Ke2 Rh2 39. Rxh2 Bxh2 40.
Kxe3 Bf4+ 41. Kd3 c6 42. b3 cxd5 43. cxd5 Kd8 44. Kc4 Kc7 45. Kb5 Bd2 1/2-1/2

[Event "Madrid-ch Previa B"]
[Site "Madrid ESP"]
[Date "2014.02.06"]
[Round "1.18"]
[White "Melcon Mediavilla, Rodrigo"]
[Black "Urena Castellanos, Antonio"]
[Result "0-1"]
[WhiteElo "1446"]
[BlackElo "1697"]
[PlyCount "78"]
[EventDate "2014.02.06"]
[EventType "swiss"]
[EventRounds "9"]
[EventCountry "ESP"]
[Source "lmi"]
[SourceDate "2014.02.06"]

1. e4 c5 2. Nf3 Nc6 3. d4 cxd4 4. Nxd4 e6 5. Nc3 a6 6. Bc4 Nf6 7. Bg5 Be7 8.
Nxc6 bxc6 9. e5 Ng8 10. Bxe7 Nxe7 11. Qg4 O-O 12. O-O Qc7 13. Rfe1 Rb8 14. b3
Ng6 15. Qg5 a5 16. a4 Qb6 17. Rad1 f6 18. exf6 Rxf6 19. Ne4 Rf5 20. Qxf5 d5 21.
Qg5 Bb7 22. Nd6 dxc4 23. Nxc4 Qb4 24. Rxe6 Rf8 25. h4 Qc3 26. Rc1 Bc8 27. Rxc6
Nf4 28. Kf1 Bb7 29. Ne5 Bxc6 30. Nxc6 Qxc6 31. Qxa5 Qxg2+ 32. Ke1 Re8+ 33. Kd1
Qf1+ 34. Kd2 Qxf2+ 35. Kc3 Ne2+ 36. Kb2 Nxc1 37. Kxc1 Re1+ 38. Kb2 Qf6+ 39. Qc3
Rb1+ 0-1

[Event "Madrid-ch Previa B"]
[Site "Madrid ESP"]
[Date "2014.02.06"]
[Round "1.19"]
[White "Benitez Cadenas, Luis Miguel"]
[Black "Santos Burkholz, Mario"]
[Result "1-0"]
[WhiteElo "1695"]
[BlackElo "1424"]
[PlyCount "117"]
[EventDate "2014.02.06"]
[EventType "swiss"]
[EventRounds "9"]
[EventCountry "ESP"]
[Source "lmi"]
[SourceDate "2014.02.06"]

1. c4 c5 2. Nf3 Nf6 3. Nc3 Nc6 4. g3 d6 5. Bg2 g6 6. O-O Bg7 7. d3 O-O 8. Rb1
Bg4 9. a3 a5 10. Qb3 Ra7 11. Re1 Qd7 12. Be3 Raa8 13. Na4 Ra6 14. Kh1 Rb8 15.
Nc3 Bh3 16. Qd1 Bxg2+ 17. Kxg2 e6 18. d4 cxd4 19. Nxd4 Nxd4 20. Qxd4 Qc6+ 21.
f3 Nd5 22. cxd5 Bxd4 23. dxc6 Bxe3 24. c7 Rc8 25. Nb5 Rb6 26. a4 Rc6 27. Red1
d5 28. b4 Rc4 29. Nd6 R8xc7 30. Nxc4 Rxc4 31. bxa5 Rxa4 32. Rxb7 Rxa5 33. Rb8+
Kg7 34. Rdb1 Ra2 35. R8b2 Ra5 36. f4 h6 37. Rb7 g5 38. fxg5 hxg5 39. Rf1 Ra2
40. Rbxf7+ Kg8 41. Rf8+ Kg7 42. R1f7+ Kg6 43. Kf3 Ra3 44. Kg4 Ra4+ 45. Kh3 e5
46. Rf5 Bd4 47. g4 Ra3+ 48. Kg2 Kg7 49. Rd8 Ra5 50. Rd7+ Kg6 51. Rd6+ Kg7 52.
Rxg5+ Kf7 53. h4 Bc3 54. Rf5+ Kg7 55. Rd7+ Kg6 56. h5+ Kh6 57. Rd6+ Kg7 58. h6+
Kh7 59. Rf7+ 1-0

[Event "Madrid-ch Previa B"]
[Site "Madrid ESP"]
[Date "2014.02.06"]
[Round "1.20"]
[White "Barragan Arriaza, Pablo"]
[Black "Franco Rincon, David"]
[Result "0-1"]
[WhiteElo "1361"]
[BlackElo "1685"]
[PlyCount "146"]
[EventDate "2014.02.06"]
[EventType "swiss"]
[EventRounds "9"]
[EventCountry "ESP"]
[Source "lmi"]
[SourceDate "2014.02.06"]

1. c4 e5 2. g3 g6 3. Bg2 Bg7 4. Nc3 Nf6 5. d3 d6 6. Nf3 O-O 7. O-O c6 8. Bd2
Nbd7 9. Rb1 Nc5 10. b4 Ne6 11. a4 a6 12. Qb3 Bd7 13. b5 axb5 14. axb5 Nc5 15.
Qc2 Qe7 16. bxc6 Bxc6 17. Ng5 Bxg2 18. Kxg2 h6 19. Nge4 Ncxe4 20. Nxe4 Nxe4 21.
dxe4 Qc7 22. Qb3 Rfb8 23. Rfc1 Ra6 24. Be3 Kh7 25. c5 Bf8 26. cxd6 Qxd6 27. Bc5
Qd7 28. Bxf8 Rxf8 29. Qxb7 Ra7 30. Qxd7 Rxd7 31. Rb5 f6 32. Rd5 Rb7 33. Rcc5 g5
34. Rd6 Rff7 35. Rd8 Rb2 36. e3 Rb1 37. Rcc8 Rb2 38. Rh8+ Kg6 39. Rcg8+ Rg7 40.
Rxg7+ Kxg7 41. Rc8 g4 42. Rc4 Rd2 43. Rc1 Rb2 44. Rf1 h5 45. h3 Rb4 46. hxg4
hxg4 47. f3 Rb2+ 48. Rf2 gxf3+ 49. Kxf3 Rb4 50. Rh2 Kg6 51. g4 Rb1 52. Kg3 Rg1+
53. Rg2 Re1 54. Kf2 Rh1 55. Kf3 Kg5 56. Kg3 Rh4 57. Kf3 Rh3+ 58. Rg3 Kh4 59.
Rxh3+ Kxh3 60. Kf2 Kxg4 61. Kg2 Kh4 62. Kf3 Kh3 63. Kf2 Kh2 64. Kf1 Kg3 65. Ke2
Kg2 66. Ke1 Kf3 67. Kd2 Kxe4 68. Ke2 f5 69. Kd2 Kf3 70. Ke1 Kxe3 71. Kf1 f4 72.
Ke1 e4 73. Kf1 Kd2 0-1

[Event "Madrid-ch Previa B"]
[Site "Madrid ESP"]
[Date "2014.02.07"]
[Round "2.1"]
[White "Urena Castellanos, Antonio"]
[Black "Lopez Ziegler, Carlos"]
[Result "0-1"]
[WhiteElo "1697"]
[BlackElo "1944"]
[PlyCount "96"]
[EventDate "2014.02.06"]
[EventType "swiss"]
[EventRounds "9"]
[EventCountry "ESP"]
[Source "lmi"]
[SourceDate "2014.02.06"]

1. d4 d5 2. Nf3 Nf6 3. c4 c6 4. e3 e6 5. cxd5 exd5 6. Nc3 Bd6 7. Bd3 Bg4 8. Bd2
Nbd7 9. h3 Bh5 10. g4 Bg6 11. Qc2 Qe7 12. O-O-O Ne4 13. Bxe4 dxe4 14. Ne1 Nf6
15. Qb3 h6 16. Kb1 b5 17. d5 b4 18. Na4 c5 19. Qc4 O-O 20. b3 Nd7 21. Qc2 Ne5
22. Nb2 a5 23. Nc4 Nxc4 24. Qxc4 a4 25. Bc1 a3 26. Ng2 Rae8 27. h4 f5 28. gxf5
Bxf5 29. Rdf1 Qf6 30. h5 Bh7 31. Nh4 Re5 32. Qe2 Qf7 33. Ng6 Bxg6 34. hxg6 Qxg6
35. Rfg1 Rg5 36. Rxg5 Qxg5 37. Bd2 Qf6 38. Bc1 Qxf2 39. Re1 Qxe2 40. Rxe2 g5
41. Kc2 Kg7 42. Bxa3 bxa3 43. Kc3 Rf5 44. Kc4 g4 45. Kb5 Rxd5 46. Kc6 Rd1 47.
Kd7 g3 48. Ke6 Kg6 0-1

[Event "Madrid-ch Previa B"]
[Site "Madrid ESP"]
[Date "2014.02.07"]
[Round "2.2"]
[White "Tirado Parra, Alberto"]
[Black "Benitez Cadenas, Luis Miguel"]
[Result "1-0"]
[WhiteElo "1939"]
[BlackElo "1695"]
[PlyCount "97"]
[EventDate "2014.02.06"]
[EventType "swiss"]
[EventRounds "9"]
[EventCountry "ESP"]
[Source "lmi"]
[SourceDate "2014.02.06"]

1. d4 Nf6 2. c4 e5 3. Nf3 exd4 4. Nxd4 Bb4+ 5. Bd2 Bxd2+ 6. Qxd2 d5 7. cxd5
Nxd5 8. Nc3 O-O 9. g3 Nxc3 10. Qxc3 Qd5 11. Nf3 Na6 12. Bg2 Re8 13. O-O c6 14.
Rfd1 Qc5 15. Rac1 Qxc3 16. Rxc3 Be6 17. a3 Rad8 18. Re1 Bd5 19. b4 Nc7 20. a4
Rd7 21. Bh3 Be6 22. Bxe6 Rxe6 23. e4 f6 24. Rc4 Red6 25. Rec1 Rd1+ 26. Rxd1
Rxd1+ 27. Kg2 Ne6 28. e5 Kf7 29. h4 Ra1 30. a5 Rd1 31. exf6 Kxf6 32. a6 Rd7 33.
axb7 Rxb7 34. Rxc6 Rxb4 35. Ng5 Rb6 36. Nxh7+ Kf7 37. Rc8 Kg6 38. Nf8+ Nxf8 39.
Rxf8 a5 40. Ra8 Rb5 41. Ra7 Kh6 42. Kh3 g5 43. Ra6+ Kh7 44. h5 Rc5 45. Kg4 Rb5
46. h6 Rc5 47. Kh5 Rf5 48. Ra7+ Kg8 49. Kg6 1-0

[Event "Madrid-ch Previa B"]
[Site "Madrid ESP"]
[Date "2014.02.07"]
[Round "2.3"]
[White "Franco Rincon, David"]
[Black "Ruiz Sanchez, Roberto"]
[Result "0-1"]
[WhiteElo "1685"]
[BlackElo "1935"]
[PlyCount "108"]
[EventDate "2014.02.06"]
[EventType "swiss"]
[EventRounds "9"]
[EventCountry "ESP"]
[Source "lmi"]
[SourceDate "2014.02.06"]

1. e4 c6 2. d4 d5 3. exd5 cxd5 4. Bd3 Nc6 5. c3 Nf6 6. Bf4 Bg4 7. Qb3 Qc8 8.
Nd2 e6 9. Ngf3 Be7 10. O-O O-O 11. Qc2 Bxf3 12. Nxf3 a6 13. Rfe1 b5 14. a3 Qb7
15. Ne5 Rac8 16. Qb1 Na5 17. Bc2 Nc4 18. Nxc4 bxc4 19. Re3 Rc6 20. Rh3 g6 21.
Qc1 Nd7 22. Be5 f5 23. Qh6 Rf7 24. Qxg6+ Kf8 25. Rxh7 Rxh7 26. Qxh7 Nxe5 27.
dxe5 Qxb2 28. Rb1 Qxb1+ 29. Bxb1 Rb6 30. Qh6+ Kf7 31. Qc1 Bxa3 32. Qe1 a5 33.
h4 Be7 34. g3 a4 35. Bc2 a3 36. Qa1 Rb2 37. Bd1 Bc5 38. Kg2 Rxf2+ 39. Kh3 Rd2
40. Qc1 a2 41. Bh5+ Ke7 42. Qa1 d4 43. Qc1 Rc2 44. Qa1 dxc3 45. Bd1 Rd2 46. h5
Bd4 47. h6 Bxe5 48. Kh4 c2 49. Qxa2 cxd1=Q 50. Qa3+ Bd6 51. Qa7+ Ke8 52. Qa8+
Kd7 53. Qb7+ Bc7 54. h7 Qg4# 0-1